Population des villes françaises en 2024 - Statistiques

Statistiques générales
  • Ce quiz a été pris 35 fois
  • Le résultat moyen est 9 sur 15
Statistiques - réponses
Question Réponse % Correct
Saint Etienne 172 718
86%
Paris 2 133 111
79%
Strasbourg 291 313
79%
Nice 348 085
79%
Marseille 873 076
79%
Lyon 522 250
71%
Bordeaux 261 804
64%
Rennes 225 081
57%
Lille 236 710
57%
Nantes 323 204
57%
Toulouse 504 078
57%
Le Havre 166 058
50%
Toulon 180 452
50%
Reims 179 380
43%
Montpellier 302 454
36%
Aucun quiz correspondant
Distribution des résultats
% des personnes avec chaque résultat
Percentile par nombre de réponses
Votre historique - résultats
Vous n’avez pas pris ce quiz